Obligados a actuar: iniciativas de paz desde la base en Colombia (Registro nro. 584411)

Detalles MARC
001 - NÚMERO DE CONTROL
campo de control 1247334
005 - FECHA Y HORA DE LA ÚLTIMA TRANSACCIÓN
campo de control 20240718090104.0
008 - DATOS DE LONGITUD FIJA--INFORMACIÓN GENERAL
campo de control de longitud fija 110630s2004 spa
035 ## - NÚMERO DE CONTROL DEL SISTEMA
Número de control de sistema 1247334
035 ## - NÚMERO DE CONTROL DEL SISTEMA
Número de control de sistema (OCoLC)820587474
040 ## - FUENTE DE LA CATALOGACIÓN
Centro/agencia transcriptor comduadb
041 ## - CÓDIGO DE LENGUA
Código de lengua del texto/banda sonora o título independiente spa
100 10 - ENTRADA PRINCIPAL--NOMBRE DE PERSONA
Nombre de persona Hernandez Delgado, Esperanza
Código de función aut
Término indicativo de función/relación Autor/a
9 (RLIN) 332887
245 10 - MENCIÓN DE TÍTULO
Título Obligados a actuar: iniciativas de paz desde la base en Colombia
260 ## - PUBLICACIÓN, DISTRIBUCIÓN, ETC.
Fecha de publicación, distribución, etc. 2004.
650 ## - PUNTO DE ACCESO ADICIONAL DE MATERIA--TÉRMINO DE MATERIA
Término de materia o nombre geográfico como elemento de entrada Movimientos por la paz
9 (RLIN) 151568
650 #7 - PUNTO DE ACCESO ADICIONAL DE MATERIA--TÉRMINO DE MATERIA
Término de materia o nombre geográfico como elemento de entrada Paz
Subdivisión geográfica Colombia
Fuente del encabezamiento o término lemb
9 (RLIN) 34396
650 #7 - PUNTO DE ACCESO ADICIONAL DE MATERIA--TÉRMINO DE MATERIA
Término de materia o nombre geográfico como elemento de entrada Resistencia civil
Fuente del encabezamiento o término lemb
9 (RLIN) 1128
650 ## - PUNTO DE ACCESO ADICIONAL DE MATERIA--TÉRMINO DE MATERIA
Término de materia o nombre geográfico como elemento de entrada Asamblea Municipal Constituyente de Tarso
9 (RLIN) 110764
650 ## - PUNTO DE ACCESO ADICIONAL DE MATERIA--TÉRMINO DE MATERIA
Término de materia o nombre geográfico como elemento de entrada Comunidades de paz - San José de Apartadó (Urabá)
9 (RLIN) 151880
650 ## - PUNTO DE ACCESO ADICIONAL DE MATERIA--TÉRMINO DE MATERIA
Término de materia o nombre geográfico como elemento de entrada Proyecto Nasa de los Cabildos Indígenas del Norte del Cauca
9 (RLIN) 133463
773 0# - ENLACE AL DOCUMENTO FUENTE/ENTRADA DE REGISTRO ANFITRIÓN
Título Controversia (Bogotá)
Parte(s) relacionada(s) Número Extraordinario, Feb. 2004, p. 24-29
Número de control del registro 103214
Número Internacional Normalizado para Publicaciones Seriadas 0120-4165
Número bibliográfico anfitrión 90956
942 ## - ELEMENTOS DE ENTRADA AGREGADA (KOHA)
Tipo de ítem Koha Artículo de Revista

No hay ítems disponibles.